000 00679cam a2200193 4500
001 PaD15033
008 090401t1976 xxu||||| |||| 00| 0 eng d
035 _a(Sirsi) u19762
041 _aeng
050 _a333.335
110 _aRoyal Institution of Chartered Surveyors
_94900
245 _aAgricultural rental valuations: RICS Land Agency and Agriculture Division & Central Association of Agricultural Valuers joint conference [held at the] Connaught rooms, WC2, Wednesday 14 January 1976.
260 _bRICS/CAAV
_c1976
300 _a6 papers
350 _a0
520 _aPapers catalogued separately. Filed in Archives box 1976/11
942 _n0
948 _c04/03/1997
999 _c87708
_d87708